000
00286nam a2200121Ia 4500
008
220216s9999 xx 000 0 und d
100
_a
Pentecost Sue Ann
245
0
_a
Synergies make it supreme
260
_b
Rubber Asia
_c
2002
300
_a
34-40
700
_a
Gasman Dan
942
_c
JS
999
_c
70114
_d
70114